书目信息 |
| 题名: |
铁路信号基础设备
|
|
| 作者: | 郭进 , 魏艳 , 刘利芳 主编 | |
| 分册: | ||
| 出版信息: | 成都 西南交通大学出版社 2008.08 |
|
| 页数: | 232页 | |
| 开本: | 26cm | |
| 丛书名: | 高等学校交通信息及控制专业系列教材 | |
| 单 册: | ||
| 中图分类: | U284.7 | |
| 科图分类: | ||
| 主题词: | 铁路信号--tie lu xin hao--信号设备--高等学校--教材 | |
| 电子资源: | ||
| ISBN: | 978-7-5643-0044-9 | |
| 000 | 01129nam 2200277 450 | |
| 001 | 012009557240 | |
| 005 | 20090621161647.78 | |
| 010 | @a978-7-5643-0044-9@dCNY24.80 | |
| 100 | @a20090621d2008 em y0chiy0120 ea | |
| 101 | 0 | @achi |
| 102 | @aCN@b510000 | |
| 105 | @aak z 000yy | |
| 106 | @ar | |
| 200 | 1 | @a铁路信号基础设备@Atie lu xin hao ji chu she bei@f郭进, 魏艳, 刘利芳主编@Fguo jin,wei yan,liu li fang zhu bian |
| 210 | @a成都@c西南交通大学出版社@d2008.08 | |
| 215 | @a232页@c图@d26cm | |
| 225 | 2 | @a高等学校交通信息及控制专业系列教材@Agao deng xue xiao jiao tong xin xi ji kong zhi zhuan ye xi lie jiao cai |
| 330 | @a本书系统介绍当前我国铁路信号现场主要基础设备的基本原理和应用情况,共分七章,分别介绍铁路信号、道岔转换设备、信号继电器、轨道电路、计轴设备、点式应答器与信号电源屏。 | |
| 410 | 0 | @12001 @a高等学校交通信息及控制专业系列教材 |
| 606 | 0 | @a铁路信号@Atie lu xin hao@x信号设备@x高等学校@j教材 |
| 690 | @aU284.7@v4 | |
| 701 | 0 | @a郭进@Aguo jin@4主编 |
| 701 | 0 | @a魏艳@Awei yan@4主编 |
| 701 | 0 | @a刘利芳@Aliu li fang@4主编 |
| 801 | 0 | @aCN@bQSSK@c20090621 |
| 905 | @b745986-88@dU284.7@eG805@f3 | |
| 铁路信号基础设备/郭进, 魏艳, 刘利芳主编.-成都:西南交通大学出版社,2008.08 |
| 232页:图;26cm.-(高等学校交通信息及控制专业系列教材) |
| ISBN 978-7-5643-0044-9:CNY24.80 |
| 本书系统介绍当前我国铁路信号现场主要基础设备的基本原理和应用情况,共分七章,分别介绍铁路信号、道岔转换设备、信号继电器、轨道电路、计轴设备、点式应答器与信号电源屏。 |
| ● |
| 相关链接 |
|
|
|
正题名:铁路信号基础设备
索取号:U284.7/G805
 
预约/预借
| 序号 | 登录号 | 条形码 | 馆藏地/架位号 | 状态 | 备注 |
| 1 | 745986 | 207459864 | 自科库501/501自科库 50排3列2层/ [索取号:U284.7/G805] | 在馆 | |
| 2 | 745987 | 207459873 | 自科库501/501自科库 50排3列2层/ [索取号:U284.7/G805] | 在馆 | |
| 3 | 745988 | 207459882 | 自科库501/501自科库 50排3列2层/ [索取号:U284.7/G805] | 在馆 |